Online Catalogue and eLibrary

A glimpse of the north : (Record no. 210)

MARC details
000 -LEADER
fixed length control field 00737cam a2200229 a 4500
001 - CONTROL NUMBER
control field 14616558
005 - DATE AND TIME OF LATEST TRANSACTION
control field 20240129051032.0
008 - FIXED-LENGTH DATA ELEMENTS--GENERAL INFORMATION
fixed length control field 061031s2005 ce a 000 0 eng
020 ## - INTERNATIONAL STANDARD BOOK NUMBER
ISBN 9551274039
040 ## - CATALOGING SOURCE (பட்டியலாக்க மூலம்)
Original cataloging agency DLC
Transcribing agency DLC
Modifying agency DLC
082 ## - DDC Classification
DDC Edition Number 22
Class No. 305.8
245 02 - TITLE STATEMENT
Title A glimpse of the north :
Remainder of title impressions of southern journalists /
Statement of responsibility, etc. [edited by Shantha Mahindapala Dunukevila].
260 ## - PUBLICATION, DISTRIBUTION, ETC.
Place of publication, distribution, etc. Colombo :
Name of publisher, distributor, etc. National Peace Council of Sri Lanka,
Date of publication, distribution, etc. 2005.
300 ## - PHYSICAL DESCRIPTION
Extent (e.g. Volumes, Pages etc.) 164 p. :
500 ## - GENERAL NOTE
General note "Funded by Danish Development Co-operation (DANIDA)."
650 #0 - SUBJECT ADDED ENTRY--TOPICAL TERM
Topical term or geographic name entry element Tamil (Indic people)
650 #0 - SUBJECT ADDED ENTRY--TOPICAL TERM
Topical term or geographic name entry element Peace-building
650 #0 - SUBJECT ADDED ENTRY--TOPICAL TERM
Topical term or geographic name entry element Tamil (Indic people)
650 #0 - SUBJECT ADDED ENTRY--TOPICAL TERM
Topical term or geographic name entry element Ethnic conflict
700 1# - ADDED ENTRY--PERSONAL NAME
Personal name Dunukevila, Shantha Mahindapala.
Relator term (Role) Editor
942 ## - Koha item type (Biblio)
Koha item type Books in Stacks (Lending)
Holdings
Lost status Damaged status Collection code Home library Current library Date acquired Full call number Accession Number Item type
    Lending WERC Library WERC Library 01/29/2024 305.8 5610 Books in Stacks (Lending)

© WERC Library